03170cam a2200433 i 4500003000900000005001700009008004100026020001500067020001800082035002700100040007500127082002100202100003500223245019400258264005500452300004400507336002600551337002800577338002700605504004000632504003200672505178900704526001002493526001002503526001002513526001002523526000802533526000802541526000802549526000802557526000802565526000802573526000802581541001002589650003102599650002402630700003902654700004302693PE-LiUPU20250731172850.0130131s2013 vtu b 001 0 eng  a1580236901 a9781580236904 a(Sirsi) i9781580236904 aDLCbengerdacDLCdYDXCPdBTCTAdOCLCOdABGdBWXdOCLCFdOCLCQdCHVBK00a296.336bG532231 aGlickman, Elaine Rose,eautor.14aThe Messiah and the Jews :bThree thousand years of tradition, belief, and hope /cRabbi Elaine Rose Glickman ; foreword by Rabbi Neil Gillman, PhD ; preface by Rabbi Judith Z. Abrams, PhD. 1aWoodstock, Vt. :bJewish Lights Publishing,c2013. axxi, 151 páginas ;c23 centímetros. atextbtxt2rdacontent aunmediatedbn2rdamedia avolumebnc2rdacarrier aBibliografía : páginas 143-147. aIndice : páginas 148-151.0 aThe Messiah is coming! Where is the Messiah now? ; When will the Messiah come? ; Can we make the Messiah come faster? ; How will the Messiah appear? ; Has the Messiah been revealed before? ; How can we recognize the true Messiah? -- The Messiah will rule over Israel. What does "Messiah" mean? ; Why must the Messiah be descended from King David? ; Why do Messianic hopes focus on Israel? ; What is the "ingathering of the exiles"? ; What is the relationship between the state of Israel and the Messiah? ; How did the Messiah become associated with supernatural elements? -- The Messiah is a warrior. What will the world be like just before the Messiah comes? ; What is apocalyptic literature? ; Against whom will the Messiah go to war? ; Who is the Messiah ben Joseph? ; Who is Hephzibah? ; How will the Messiah triumph? -- The Messiah will change everything. How will the natural world be different in the days of the Messiah? ; What will people be like in the Messianic Age? ; What will society be like in the Messianic Age? ; When the Messiah is here, how will Judaism be practiced? ; What is the resurrection of the dead? ; What is the feast of the righteous? -- The Messiah will establish God's dominion. Who is Elijah? ; What is the role of the shofar? ; Will the wicked be brought to justice in the Messianic Age? ; Will everyone be Jewish in the days of the Messiah? ; How will we relate to God in the Messianic Age? ; What is the connection between individual and communal redemption? -- The Messiah is us. Who is the "suffering servant"? ; What is the role of the Messiah in Hasidic Judaism? ; Who is Rabbi Schneerson? ; What did classical reform Judaism teach about the Messiah? ; What does modern liberal Judaism teach about the Messiah? ; Can we experience the Messiah?. aSEG42 aSEG41 aSEG40 aSEG39 aP94 aP87 aP86 aP85 aP77 aP76 aP35 29.70, 0aera mesiánica (Judaismo) 0aMesíasxJudaismo.1 aGillman, Rabbi Neil,eprologuista.1 aZ. Abrams, Rabbi Judith,eprologuista.